| 000 | 00648nam a2200217 a 4500 | ||
|---|---|---|---|
| 001 | 2565 | ||
| 003 | CDMR | ||
| 005 | 20131205113028.0 | ||
| 008 | 130130s1986||||sp |||||||||||||||||spa|d | ||
| 020 | _a8432047619 | ||
| 040 |
_aCDMR _bcat _cCDMR |
||
| 100 | 1 |
_94462 _aMeyers, William |
|
| 245 |
_aLos creadores de imagen _b: poder y persuasión en Madison Avenue _cWilliam Meyers |
||
| 260 |
_aBarcelona _bPlaneta _c1986 |
||
| 300 | _a266 p. | ||
| 490 | 0 | _aLa Sociedad Económica | |
| 650 | 0 | 4 |
_94324 _aPublicitat _xAspectes econòmics |
| 650 | 0 | 4 |
_94463 _aPublicitat _xAspectes psicològics |
| 650 | 0 | 4 |
_94392 _aCampanyes publicitàries |
| 942 |
_cMON _2udc |
||
| 999 |
_c6065 _d6065 |
||